• 首页
  • 本馆介绍
  • 公告通知
  • 最新文献
  • 馆藏检索
  • 电子资源
  • 读者导购
  • 参考咨询
  • 我的图书馆
  • 登录
  • 详细信息显示
  • 放入我的书架
  • 预约/预借图书
  • 作者相关作品
  • 分类相关作品
  • 丛书相关作品
  • 出版社相关作品

书目信息

  • 表格格式
  • 工作单格式
  • 卡片格式
题名:
世界近代现代史
    
 
作者: ;人民教育出版社历史室 编著
分册: 上册  
出版信息: 北京   人民教育出版社  2003
页数: 148页
开本: 30cm
丛书名:
单 册:
中图分类: K14 , K15 , G634.52
科图分类:
主题词: 教育--各级
电子资源:
ISBN: 7-107-16510-0
000 00753nam0 2200253 450
001 1539667601
005 20150118110240.43
010    @a7-107-16510-0@dCNY6.75
100    @a20060519d2003 em y0chiy0110 ea
101 0  @achi
102    @aCN@b110000
105    @aa z 000yy
200 1  @a世界近代现代史@9shi jie jin dai xian dai shi@h上册@f人民教育出版社历史室编著
210    @a北京@c人民教育出版社@d2003
215    @a148页@c图@d30cm
300    @a全日制普通高级中学教科书(选修)
310    @a人民教育出版社赠送
606 0  @a教育@x各级
690    @aK14@v5
690    @aK15@v5
690    @aG634.52@v4
711 02 @a人民教育出版社历史室@9ren min jiao yu chu ban she li shi shi@4编著
801  0 @aCN@bTSSF@c20150118
905    @aZUCC@dG634.52@eJY2:1
    
    世界近代现代史.上册/人民教育出版社历史室编著.-北京:人民教育出版社,2003
    148页:图;30cm
    全日制普通高级中学教科书(选修)
    
    ISBN 7-107-16510-0:CNY6.75
    
●
相关链接 在E读中查询图书 在五车中查询图书 在当当中查询图书 在豆瓣中查询图书


正题名:世界近代现代史     索取号:G634.52/JY2:1         预约/预借

序号 登录号 条形码 馆藏地/架位号 状态 备注
1 7853642   278536425   学院路分馆/ [索取号:G634.52/JY2:1] 在馆    
唐山师范学院图书馆 欢迎您!
大连网信软件有限公司© 版权所有